Maturait tamiḻāciriyar makaṉār pūtañcēntaṉār aruḷicceyta iṉiyānāṟpatu: Itu kuḷattūr ciṉṉaiyā mutaliyār uraiceytu tarukaveṉakkēṭka avvāṟē vīranāmanallūr appāciyaiyarāl patavuraiceytu acciṟpatippikkappaṭṭatu. Ivaṟkiyaṟṟamiḻāciriyarākiya mukavai irāmānucakavirāyaravarkaḷāl paricōtikkappaṭṭatu

Saved in:  
Bibliographic Details
Main Author: Pūtañcēntaṉār ca. 5. Jh. (Author)
Contributors: Appāciyaiyar (Editor) ; Irāmānuca kavirāyaravar (Editor)
Format: Print Book
Language:Tamil
Subito Delivery Service: Order now.
Check availability: HBZ Gateway
WorldCat: WorldCat
Interlibrary Loan:Interlibrary Loan for the Fachinformationsdienste (Specialized Information Services in Germany)
Published: [Chennai] Appāciyaiyarāl acciṟpatippikkappaṭṭatu [1755]
In:Year: 1755
Sammlungen:

MARC

LEADER 00000cam a2200000 c 4500
001 1822967430
003 DE-627
005 20230313152543.0
007 tu
008 221118s1755 ii ||||| 00| ||tam c
035 |a (DE-627)1822967430 
035 |a (DE-599)KXP1822967430 
035 |a (OCoLC)1350966909 
040 |a DE-627  |b ger  |c DE-627  |e rda 
041 |a tam 
044 |c XB-IN 
084 |a 0  |2 ssgn 
100 0 |e VerfasserIn  |0 (DE-588)1132207592  |0 (DE-627)887557899  |0 (DE-576)488700981  |4 aut  |a Pūtañcēntaṉār  |d ca. 5. Jh. 
109 |a Pūtañcēntaṉār ca. 5. Jh.  |a Cēntaṉār ca. 5. Jh.  |a Madurai Tamil Asiriyar Maganar Pūtan Cēntaṉār ca. 5. Jh. 
240 1 0 |a Iṉiyavai Nāṟpatu  |0 (DE-588)1129387623  |0 (DE-627)883952912  |0 (DE-576)486380122 
245 1 0 |a Maturait tamiḻāciriyar makaṉār pūtañcēntaṉār aruḷicceyta iṉiyānāṟpatu  |b Itu kuḷattūr ciṉṉaiyā mutaliyār uraiceytu tarukaveṉakkēṭka avvāṟē vīranāmanallūr appāciyaiyarāl patavuraiceytu acciṟpatippikkappaṭṭatu. Ivaṟkiyaṟṟamiḻāciriyarākiya mukavai irāmānucakavirāyaravarkaḷāl paricōtikkappaṭṭatu 
264 1 |a [Chennai]  |b Appāciyaiyarāl  |c acciṟpatippikkappaṭṭatu [1755] 
300 |a 15 Seiten 
336 |a Text  |b txt  |2 rdacontent 
337 |a ohne Hilfsmittel zu benutzen  |b n  |2 rdamedia 
338 |a Band  |b nc  |2 rdacarrier 
361 1 |a Evangelisch-Lutherisches Missionswerk Leipzig. Bibliothek  |f Bibliotheksexemplar  |f Signatur  |5 DE-Ha33  |y 421467961X  |s S/LMW-M:E 189  |o Sammlung  |0 (DE-588)1257163728  |0 (DE-627)1801264538  |z H. a. 63 
700 0 |a Appāciyaiyar  |e HerausgeberIn  |4 edt 
700 0 |a Irāmānuca kavirāyaravar  |e HerausgeberIn  |4 edt 
935 |a FRST  |a mteo 
951 |a BO 
ELC |b 1 
LOK |0 000 xxxxxcx a22 zn 4500 
LOK |0 001 4288790220 
LOK |0 003 DE-627 
LOK |0 004 1822967430 
LOK |0 005 20240923083823 
LOK |0 008 230313||||||||||||||||ger||||||| 
LOK |0 040   |a DE-Tue135  |c DE-627  |d DE-Tue135 
LOK |0 092   |o n 
LOK |0 852   |a DE-Tue135 
LOK |0 852 1  |9 00 
LOK |0 866   |x SPQUE#Bibliothek der Franckeschen Stiftungen#SPSAM#Bibliothek des Leipziger Missionswerkes#SPUSM#Indienbibliothek mit den Tamildrucken#SPSYS#tami_systematik_E 
LOK |0 935   |a FRST  |a lemw  |a tami 
LOK |0 939   |a 13-03-23  |b l01 
ORI |a SA-MARC-ixtheoa001.raw 
REL |a 1 
SUB |a REL